Melkije firmy v ŠŠA Ekonomika i upravlenije

Salvato in:
Dettagli Bibliografici
Autore principale: Razumnova, Irina Illarionovna
Natura: Libro
Lingua:russo
Pubblicazione: Moskva Nauka 1989
Edizione:1. izd.
Tags: Aggiungi Tag
Nessun Tag, puoi essere il primo ad aggiungerne!!

MARC

LEADER 00000nam a2200000 4500
001 c028336
005 20230222081735.8
041 0 |a rus 
044 |a RU 
245 1 0 |a Melkije firmy v ŠŠA  |b Ekonomika i upravlenije  |c Irina Illarionovna Razumnova 
250 |a 1. izd. 
264 1 |a Moskva  |b Nauka  |c 1989 
300 |a 124 s. 
100 1 |a Razumnova, Irina Illarionovna